|
|
|
|
| LEADER |
00000nam0a2200000 4500 |
| 001 |
301869 |
| 005 |
20231102001438.0 |
| 035 |
|
|
|a (RuTPU)RU\TPU\book\327060
|
| 090 |
|
|
|a 301869
|
| 100 |
|
|
|a 20150817d1983 km y0rusy50 ca
|
| 101 |
0 |
|
|a rus
|
| 102 |
|
|
|a RU
|
| 105 |
|
|
|a a z 001zy
|
| 200 |
1 |
|
|a Сверхзвуковые газовые струи
|f Академия наук СССР (АН СССР), Сибирское отделение (СО), Вычислительный центр ; под ред. В. Г. Дулова
|
| 210 |
|
|
|a Новосибирск
|c Наука
|d 1983
|
| 215 |
|
|
|a 196 с.
|c ил.
|
| 320 |
|
|
|a Библиогр. в конце ст.
|
| 606 |
1 |
|
|a Струйные течения, сверхзвуковые
|2 stltpush
|3 (RuTPU)RU\TPU\subj\67344
|9 83187
|
| 610 |
1 |
|
|a газовые струи
|
| 610 |
1 |
|
|a свободные струи
|
| 610 |
1 |
|
|a взаимодействие с преградами
|
| 610 |
1 |
|
|a математическое моделирование
|
| 610 |
1 |
|
|a отрывные течения
|
| 610 |
1 |
|
|a гиперзвуковые обтекания
|
| 675 |
|
|
|a 533.6.011.5
|v 4
|
| 702 |
|
1 |
|a Дулов
|b В. Г.
|g Виктор Георгиевич
|4 340
|
| 712 |
0 |
2 |
|a Академия наук СССР (АН СССР)
|b Сибирское отделение (СО)
|b Вычислительный центр
|c (Новосибирск)
|2 stltpush
|3 (RuTPU)RU\TPU\col\11456
|
| 801 |
|
1 |
|a RU
|b 63413507
|c 20150817
|
| 801 |
|
2 |
|a RU
|b 63413507
|c 20190402
|g RCR
|
| 942 |
|
|
|c BK
|